000 03217nam a22008413 4500
001 22789
003 SK-KTurca
005 20260423132617.0
008 241106s2024 xo hoacg hn 000 0bslo d
020 _a9788097479206
_q(viazané)
035 _aa000755406
040 _aUKB
_bslo
_dUKB
_erda
041 1 _aslo
_aeng
_hslo
044 _axo
_cSK
072 7 _a94(437)
_xDejiny Česka a Slovenska
_2konspekt
072 7 _a929
_xBiografie
_2konspekt
080 _a929
_22011
080 _a930-051
_22011
080 _a94(437.6)
_22011
080 _a94(439)
_22011
080 _a329.73
_22011
080 _a323
_22011
080 _a(4)
_22011
080 _a(437.6)
_22011
080 _a(410)
_22011
080 _a(092)
_22011
080 _a323.15
_22011
080 _a323.1
_22011
080 _a323.1:314.113
_22011
080 _a(439)
_22011
080 _a(082.2)
_22011
080 _a(048.8)
_22011
080 _a(0.027)=30
_22011
100 1 _aBlaho, Miloslav
_4aut
245 1 0 _aScotus Viator
_bRobert William Seton-Watson : spomienka na priateľa Slovákov
_cautori štúdií Miloslav Blaho, Dušan Kováč, Edita Ivaničková ; preklad štúdií Martin Hochel, Andrea Komová, Timea Perignátová, Ján Plavčan, Jana Sadovská, Anna Studeničová, Jakub Schrimpel
246 3 0 _aRobert William Seton-Watson
246 3 8 _aRobert William Seton-Watson - Scotus Viator
246 3 1 _aScotus Viator
_bRobert William Seton-Watson : remembrance of a friend of Slovaks
250 _aPrvé vydanie
264 1 _aLiptovský Mikuláš
_bSpolok Martina Rázusa v Liptovskom Mikuláši
_c2024
300 _a110 strán
_bilustrácie, portréty, faksimile
336 _atext
_btxt
_2rdacontent
337 _abez média
_bn
_2rdamedia
338 _azväzok
_bnc
_2rdacarrier
504 _aObsahuje bibliografie ; bibliografické odkazy
546 _aSúbežný názov a text v angličtine
600 1 7 _aSeton-Watson, Robert William,
_d1879-1951
_2UKBPH
650 0 7 _anárodné hnutia
_zEurópa
_y19.-20. storočie
_2UKBPH
650 0 7 _ahistorici
_zVeľká Británia
_y19.-20. storočie
_2UKBPH
650 0 7 _anárodnostné menšiny
_zMaďarsko
_y19. storočie
_2UKBPH
650 0 7 _anárodnostná politika
_zMaďarsko
_y19. storočie
_2UKBPH
651 7 _aSlovensko
_xspoločnosť a politika
_y19.-20. storočie
_2UKBPH
651 7 _aSlovensko
_xdejiny
_y19.-20. storočie
_2UKBPH
651 7 _aUhorsko
_xdejiny
_y19.-20. storočie
_2UKBPH
651 7 _aMaďarsko
_xdejiny
_y19.-20. storočie
_2UKBPH
651 7 _aMaďarsko
_xnárodnostné pomery
_y19. storočie
_2UKBPH
655 7 _aštúdie
_2UKBPH
655 7 _ajubilejné publikácie
_2UKBPH
655 7 _abiografie
_2UKBPH
655 7 _advojjazyčné vydania
_2UKBPH
700 1 _aKováč, Dušan,
_d1942-
_4aut
700 1 _aIvaničková, Edita,
_d1948-
_4aut
700 1 _aHochel, Martin
_4trl
700 1 _aKomová, Andrea
_4trl
700 1 _aPerignátová, Timea
_4trl
700 1 _aPlavčan, Ján
_4trl
700 1 _aSadovská, Jana
_4trl
700 1 _aStudeničová, Anna
_4trl
700 1 _aSchrimpel, Jakub
_4trl
700 1 _aSeton-Watson, Robert William,
_d1879-1951
_4hnr
700 1 _aĎurík, Peter,
_d1947-
_4bkd
942 _2ddc
_cOLDO
_n0
999 _c22789
_d22789